书目信息 |
| 书名: | Selected papers on ordinary differential equations | |
| 作者: | ||
| 分册号: | ||
| 分册名: | 出版地: | [S.l. : |
|
| 出版社: | s.n.] | |
| 出版时间: | 1982. | |
| 页数: | 594 p. | |
| 开本: | ||
| 丛书名: | ||
| 中图分类号: | ||
| 科图分类号: | ||
| 其他分类号: | O175.1-53 | |
| 主题词: | ||
| 电子资源: | ||
| 000 | 00407nam 22001577a 4500 | |
| 001 | E0736876303 | |
| 005 | 20070228101748.28 | |
| 008 | 030929s1982 xx a b 001 0 eng d | |
| 040 | @aNUL@cNUL | |
| 090 | @aP154.107/W5 | |
| 090 | @aO175.1-53 | |
| 099 | @dO175.1-53@ex4 | |
| 245 | 10 | @aSelected papers on ordinary differential equations. |
| 260 | @a[S.l. :@bs.n.],@c1982. | |
| 300 | @a594 p. | |
| 920 | @a232010@z2 | |
| Selected papers on ordinary differential equations.-[S.l. : : s.n.], , 1982. |
| 594 p. |
| ISBN |
| ● |
| 相关链接 |
|
|
|
|
正题名:Selected papers on ordinary differential equations
索取号:O175.1-53/x4
 
预约/预借
| 序号 | 登录号 | 条形码 | 馆藏地/架位号 | 状态 | 备注 |
| 1 | 181105 | 000454252 | 第四借阅区/ [索取号:O175.1-53/x4] | 在馆 | |
| 2 | 181106 | 000454298 | 第二样本阅览室/ [索取号:O175.1-53/x4] | 在馆 |